| 000 | 00553nam a2200181 4500 | ||
|---|---|---|---|
| 003 | CO-ViMGA | ||
| 020 | _a9788423693184 | ||
| 040 |
_aCO-ViMGA _bspa _cCO-ViMGA |
||
| 082 | 0 | 4 |
_a613 _bD19e |
| 100 | 1 |
_aDavis Raskin, Valery _95632 |
|
| 245 | 1 | 0 |
_aEjercer de madre _bSuperar los nueve desafios de la maternidad _cValerie, Davis Raskin |
| 260 |
_aBarcelona, España : _bEdebè, ; _c2009. |
||
| 300 |
_a280 p. ; _b21 cm. |
||
| 490 | _aS.O.S Padres en apuros | ||
| 500 | _aIncluye epilogo. | ||
| 650 | 1 | 4 |
_aCiencias Mèdicas, Psicologia _95633 |
| 942 |
_2ddc _cBK |
||
| 999 |
_c36021 _d36021 |
||